00366nam a2200145Ia 4500003000400000005001700004008004100021040000900062082001700071100001700088245005100105260003600156300000900192650001900201OSt20201005152334.0190216s9999||||xx |||||||||||||| ||und|| coclc a821.7bWAR/J aWard, Aileen 0aJohn Keats The Making Of A Poet /cAileen Ward bMercury Books,c1966.aEngland: a450p aEnglish Poetry